[Event "Tradewise Gibraltar Chess Festival 2014 "]
[Site "The Caleta Hotel - Gibraltar"]
[Date "2014.01.31"]
[Round "4.23"]
[White "Bellon Lopez, Juan Manuel"]
[Black "Salgado Lopez, Ivan"]
[Result "0-1"]
[WhiteElo "2382"]
[BlackElo "2597"]
[PlyCount "113"]
[EventDate "2014.01.28"]

1. d4 Nf6 2. Bg5 e6 3. e4 h6 4. Bxf6 Qxf6 5. Nf3 d6 6. Nc3 Nd7 7. Qd2 a6 8.
O-O-O b5 9. a3 Bb7 10. h4 g6 11. e5 dxe5 12. dxe5 Qe7 13. Qf4 Bg7 14. Ne4 O-O-O
15. Bd3 Kb8 16. Kb1 Rhf8 17. Rhe1 Nc5 18. Nxc5 Qxc5 19. a4 Bxf3 20. Qxf3 Bxe5
21. axb5 axb5 22. c3 Bg7 23. Qe3 Qxe3 24. Rxe3 h5 25. Kc2 c6 26. Be2 Rxd1 27.
Bxd1 Kc7 28. Be2 Bf6 29. g3 Bg7 30. f4 Bf6 31. Bf3 Ra8 32. Re1 Ra4 33. Rd1 Be7
34. Re1 Bc5 35. Rf1 Bd6 36. Kd3 Ra2 37. Kc2 Ra4 38. Be2 Kd7 39. Rd1 Ke7 40. Bf3
Ra6 41. Be2 Bc5 42. Rf1 f5 43. c4 b4 44. Bf3 Bd4 45. Re1 c5 46. Bb7 b3+ 47. Kb1
Rb6 48. Bf3 Kf6 49. Rf1 Rb4 50. Be2 e5 51. fxe5+ Kxe5 52. Bd3 Ra4 53. Re1+ Kf6
54. Rh1 Ra2 55. Rh2 Ra6 56. Kc1 Ra1+ 57. Bb1 0-1

[Event "Tradewise Gibraltar Chess Festival 2014 "]
[Site "The Caleta Hotel - Gibraltar"]
[Date "2014.01.31"]
[Round "4.25"]
[White "Georgiev, Kiril"]
[Black "Teran Alvarez, Ismael"]
[Result "1/2-1/2"]
[WhiteElo "2653"]
[BlackElo "2412"]
[PlyCount "85"]
[EventDate "2014.01.28"]

1. d4 e6 2. Nf3 f5 3. Bf4 Nf6 4. e3 g6 5. c4 d6 6. Nc3 Bg7 7. Be2 O-O 8. O-O
Nc6 9. h3 Ne4 10. Bh2 Nxc3 11. bxc3 Qe7 12. Rb1 Kh8 13. Qa4 e5 14. Rfe1 Bd7 15.
Qa3 b6 16. c5 dxc5 17. Bb5 e4 18. Nd2 Na5 19. Ba6 Bc8 20. Bf1 Rf7 21. Rec1 Be6
22. Nb3 Nxb3 23. axb3 cxd4 24. Qxe7 Rxe7 25. cxd4 c5 26. dxc5 bxc5 27. Rxc5 Rb7
28. Bb5 Rd8 29. Bf4 Rd5 30. Rxd5 Bxd5 31. Ba4 Bf6 32. Kh2 Kg7 33. Rd1 Be6 34.
Rd6 Rb6 35. Rxb6 axb6 36. Bc7 b5 37. Bxb5 Bxb3 38. g4 Bh4 39. Kg2 Be6 40. Be2
Bd5 41. Bg3 Bf6 42. gxf5 gxf5 43. Bf4 1/2-1/2

[Event "Tradewise Gibraltar Chess Festival 2014 "]
[Site "The Caleta Hotel - Gibraltar"]
[Date "2014.01.31"]
[Round "4.27"]
[White "Houska, Jovanka"]
[Black "Mekhitarian, Krikor Sevag"]
[Result "0-1"]
[WhiteElo "2415"]
[BlackElo "2566"]
[PlyCount "108"]
[EventDate "2014.01.28"]

1. d4 Nf6 2. Nf3 e6 3. c4 b6 4. g3 Ba6 5. b3 Bb4+ 6. Bd2 Be7 7. Nc3 d5 8. cxd5
exd5 9. Bg2 O-O 10. O-O Re8 11. Rc1 Bb7 12. Bf4 Na6 13. Ne5 h6 14. Qd2 Ba3 15.
Rb1 Bf8 16. Rfd1 c6 17. Qb2 Nc7 18. b4 Ne6 19. Rbc1 Rc8 20. Be3 Bd6 21. b5 c5
22. Nc6 Bxc6 23. bxc6 cxd4 24. Bxd4 Nxd4 25. Rxd4 Be5 26. Rd3 Rxc6 27. e3 Qc8
28. f4 Bxc3 29. Rdxc3 Rxc3 30. Rxc3 Qe6 31. Rd3 Rc8 32. h3 Ne4 33. g4 Nc5 34.
Bxd5 Nxd3 35. Bxe6 Nxb2 36. Bxc8 Nd1 37. Kg2 Nxe3+ 38. Kf3 Nd5 39. a4 Kf8 40.
Ba6 Nc3 41. a5 bxa5 42. Ke3 Nd5+ 43. Ke4 Nb4 44. Bb5 Ke7 45. g5 f6 46. gxh6
gxh6 47. h4 Na2 48. Bc4 Nc3+ 49. Kf5 a4 50. Kg6 a3 51. Kxh6 a2 52. Bxa2 Nxa2
53. Kg7 Nc3 54. h5 Ne4 0-1

[Event "Tradewise Gibraltar Chess Festival 2014 "]
[Site "The Caleta Hotel - Gibraltar"]
[Date "2014.01.31"]
[Round "4.28"]
[White "Tseitlin, Mark D"]
[Black "Muzychuk, Anna"]
[Result "1-0"]
[WhiteElo "2389"]
[BlackElo "2566"]
[PlyCount "65"]
[EventDate "2014.01.28"]

1. e4 c5 2. Nf3 e6 3. Nc3 Nc6 4. Bb5 Nd4 5. O-O a6 6. Bd3 Nc6 7. Be2 Qb6 8. a3
Nf6 9. Rb1 Qc7 10. d4 cxd4 11. Nxd4 Nxd4 12. Qxd4 Bd6 13. Kh1 Be5 14. Qe3 b5
15. f4 Bxc3 16. bxc3 Bb7 17. Bf3 Rc8 18. Bd2 Qc5 19. Qe1 Qxa3 20. Qg3 Nxe4 21.
Bxe4 Bxe4 22. f5 Qf8 23. c4 f6 24. Bb4 Qf7 25. Rbe1 d5 26. cxd5 Bxd5 27. c4
Bxc4 28. fxe6 Qb7 29. Rf2 Rc6 30. Qg4 a5 31. Rxf6 axb4 32. Rf7 Rxe6 33. Rxe6+
1-0

[Event "Tradewise Gibraltar Chess Festival 2014 "]
[Site "The Caleta Hotel - Gibraltar"]
[Date "2014.01.31"]
[Round "4.29"]
[White "Salem, A.R. Saleh"]
[Black "Nezad, Husein Aziz"]
[Result "1-0"]
[WhiteElo "2564"]
[BlackElo "2372"]
[PlyCount "57"]
[EventDate "2014.01.28"]

1. d4 d5 2. c4 e6 3. Nc3 c6 4. e3 Bd6 5. Bd3 f5 6. g4 Nf6 7. gxf5 exf5 8. Qb3
dxc4 9. Bxc4 Qe7 10. a4 Nbd7 11. a5 b5 12. Bd3 a6 13. Bxf5 Bb7 14. Qe6 c5 15.
Qxe7+ Bxe7 16. f3 O-O 17. Nce2 Rad8 18. Nf4 g6 19. Bh3 g5 20. Ne6 g4 21. Bg2
cxd4 22. Nxd8 Rxd8 23. exd4 Nf8 24. Kf2 Rxd4 25. Be3 Rb4 26. Ne2 gxf3 27. Bxf3
Ng4+ 28. Bxg4 Bxh1 29. Rg1 1-0

[Event "Tradewise Gibraltar Chess Festival 2014 "]
[Site "The Caleta Hotel - Gibraltar"]
[Date "2014.01.31"]
[Round "4.30"]
[White "Kaczmarczyk, Dennis"]
[Black "Anton Guijarro, David"]
[Result "1/2-1/2"]
[WhiteElo "2358"]
[BlackElo "2557"]
[PlyCount "161"]
[EventDate "2014.01.28"]

1. d4 f5 2. Nf3 Nf6 3. g3 g6 4. Bg2 Bg7 5. O-O O-O 6. c4 d6 7. Nc3 c6 8. Rb1 a5
9. Qb3 Kh8 10. Na4 Ra7 11. Rd1 Be6 12. d5 Bg8 13. Be3 c5 14. Ng5 Qc7 15. Nc3
Ra6 16. Nb5 Qc8 17. Bd2 h6 18. Ne6 Bxe6 19. dxe6 Nc6 20. Bc3 Nb4 21. Qa4 Ne8
22. a3 Nc6 23. Bd5 Nd8 24. e4 f4 25. Qc2 Nxe6 26. Bxe6 Qxe6 27. Bxg7+ Nxg7 28.
Qd3 Rc6 29. Re1 Qf6 30. Qe2 Kh7 31. Rbd1 Qf7 32. Rd5 f3 33. Qd3 Qe6 34. Re3 Qg4
35. h3 Qxh3 36. Rxf3 Rxf3 37. Qxf3 Qe6 38. e5 dxe5 39. Qe4 Qf5 40. Qxf5 Nxf5
41. Rxe5 h5 42. Na7 Rc7 43. Nb5 Rc8 44. Na7 Ra8 45. Nb5 b6 46. Re6 Rb8 47. Nc7
Rb7 48. Nd5 Nd6 49. b3 a4 50. Nxe7 axb3 51. Rxd6 b2 52. Rd1 Rxe7 53. Kf1 Ra7
54. Rb1 Rxa3 55. Rxb2 Ra4 56. Rxb6 Rxc4 57. Rc6 g5 58. Ke2 h4 59. gxh4 gxh4 60.
Kf3 Kg7 61. Kg2 Kf7 62. Kh3 Ke7 63. f4 Kd7 64. Rf6 Rd4 65. Kxh4 c4 66. Rf5 Kc6
67. Rf8 Kc7 68. Rf7+ Kd6 69. Rf8 Ke7 70. Rc8 Kd7 71. Rc5 Kd6 72. Rc8 Rxf4+ 73.
Kg3 Rd4 74. Kf3 Ke5 75. Rc5+ Kd6 76. Rc8 Kd5 77. Ke2 Rd3 78. Rd8+ Ke4 79. Rxd3
cxd3+ 80. Kd2 Kd4 81. Kd1 1/2-1/2

[Event "Tradewise Gibraltar Chess Festival 2014 "]
[Site "The Caleta Hotel - Gibraltar"]
[Date "2014.01.31"]
[Round "4.32"]
[White "Libiszewski, Fabien"]
[Black "Lejlic, Samir"]
[Result "1-0"]
[WhiteElo "2533"]
[BlackElo "2345"]
[PlyCount "47"]
[EventDate "2014.01.28"]

1. d4 Nf6 2. c4 c5 3. d5 e6 4. Nc3 exd5 5. cxd5 d6 6. Nf3 g6 7. Bf4 a6 8. a4
Bg7 9. e3 Nh5 10. Bg5 Qb6 11. Qc2 O-O 12. Nd2 f6 13. Bh4 Nd7 14. Nc4 Qb4 15.
Ra3 f5 16. a5 b5 17. axb6 f4 18. Ra4 Bxc3+ 19. bxc3 Qb5 20. Be7 fxe3 21. Nxe3
Qxb6 22. Bxf8 Kxf8 23. Be2 Nf4 24. Rxf4+ 1-0

[Event "Tradewise Gibraltar Chess Festival 2014 "]
[Site "The Caleta Hotel - Gibraltar"]
[Date "2014.01.31"]
[Round "4.33"]
[White "Abdumalik, Zhansaya"]
[Black "El Debs, Felipe De Cresce"]
[Result "1-0"]
[WhiteElo "2344"]
[BlackElo "2520"]
[PlyCount "73"]
[EventDate "2014.01.28"]

1. e4 c5 2. Nf3 e6 3. d4 cxd4 4. Nxd4 Nf6 5. Nc3 Nc6 6. Ndb5 Bc5 7. Nd6+ Ke7 8.
Bf4 e5 9. Nf5+ Kf8 10. Bg5 d6 11. Bc4 h6 12. Bxf6 Qxf6 13. Nd5 Qd8 14. O-O g6
15. Nfe3 Be6 16. c3 Rc8 17. Qe2 Kg7 18. b4 Bxe3 19. Nxe3 Bxc4 20. Nxc4 Qc7 21.
Ne3 Ne7 22. Rac1 Qc6 23. Qd3 Rhd8 24. Rfd1 Qa4 25. Qd2 a5 26. Rb1 Qc6 27. Ng4
Ng8 28. f3 axb4 29. cxb4 b5 30. Rb3 h5 31. Ne3 Ne7 32. Rd3 Qb6 33. Kh1 Rc6 34.
g4 hxg4 35. Nxg4 Rh8 36. Rxd6 Qa7 37. Qg5 1-0

[Event "Tradewise Gibraltar Chess Festival 2014 "]
[Site "The Caleta Hotel - Gibraltar"]
[Date "2014.01.31"]
[Round "4.34"]
[White "Bellin, Robert"]
[Black "Oparin, Grigoriy"]
[Result "1/2-1/2"]
[WhiteElo "2337"]
[BlackElo "2517"]
[PlyCount "74"]
[EventDate "2014.01.28"]

1. e4 c5 2. Nf3 d6 3. Bb5+ Nd7 4. O-O a6 5. Bd3 Ngf6 6. Re1 e5 7. a4 Be7 8. c3
Nf8 9. h3 Ng6 10. Bc2 O-O 11. d4 Qc7 12. d5 b6 13. c4 Bd7 14. Nc3 Rab8 15. Rf1
b5 16. axb5 axb5 17. cxb5 Bxb5 18. Nxb5 Rxb5 19. b3 Nd7 20. g3 Rfb8 21. h4 Bf8
22. Nd2 Ne7 23. Nc4 Nb6 24. Bd2 Nxc4 25. bxc4 R5b7 26. Bc3 Ra7 27. Rxa7 Qxa7
28. Qa1 Qd7 29. Rb1 Rxb1+ 30. Qxb1 g6 31. Bd2 Kg7 32. Qb8 Ng8 33. Kg2 h5 34.
Qb5 Qa7 35. Qa5 Qb7 36. Qb5 Qa7 37. Qa5 Qb7 1/2-1/2

[Event "Tradewise Gibraltar Chess Festival 2014 "]
[Site "The Caleta Hotel - Gibraltar"]
[Date "2014.01.31"]
[Round "4.35"]
[White "Vojinovic, Jovana"]
[Black "Gordon, Stephen J"]
[Result "1-0"]
[WhiteElo "2335"]
[BlackElo "2516"]
[PlyCount "69"]
[EventDate "2014.01.28"]

1. Nf3 g6 2. c4 Bg7 3. e4 e5 4. d4 exd4 5. Nxd4 Nc6 6. Nxc6 bxc6 7. Be2 Ne7 8.
O-O O-O 9. Qc2 c5 10. Bg5 d6 11. Qd2 Rb8 12. Nc3 Be6 13. b3 Qd7 14. Rad1 Nc6
15. Nd5 f6 16. Be3 f5 17. exf5 Bxf5 18. Bd3 Bg4 19. f3 Be6 20. Be4 Nd4 21. Nf4
Kh8 22. Kh1 Bf5 23. Bxf5 Rxf5 24. Rfe1 Qf7 25. Nd5 Nc6 26. Bg5 Re5 27. Rxe5
Bxe5 28. Re1 a5 29. f4 Bg7 30. Nc3 Re8 31. Rxe8+ Qxe8 32. Nd5 Qe4 33. h3 Nd4
34. Qxa5 h6 35. Qa8+ 1-0

[Event "Tradewise Gibraltar Chess Festival 2014 "]
[Site "The Caleta Hotel - Gibraltar"]
[Date "2014.01.31"]
[Round "4.37"]
[White "Muzychuk, Mariya"]
[Black "Welling, Gerard"]
[Result "1-0"]
[WhiteElo "2503"]
[BlackElo "2326"]
[PlyCount "119"]
[EventDate "2014.01.28"]

1. e4 c6 2. d4 g6 3. Nc3 d5 4. h3 Bg7 5. Nf3 dxe4 6. Nxe4 Nf6 7. Bd3 Nxe4 8.
Bxe4 Be6 9. O-O Nd7 10. Qe2 O-O 11. c4 Nf6 12. Bd3 a5 13. Bd2 Re8 14. Bc3 Qc8
15. Ne5 Bf5 16. Rad1 Bxd3 17. Qxd3 Qf5 18. Qxf5 gxf5 19. f3 f4 20. a4 Red8 21.
Rfe1 e6 22. Kh2 Nd7 23. Nd3 Nb6 24. b3 Bxd4 25. Bxd4 Rxd4 26. Nc5 Rxd1 27. Rxd1
Rb8 28. Re1 Na8 29. Re4 b5 30. axb5 cxb5 31. Nd7 Rb7 32. Nf6+ Kf8 33. Nxh7+ Kg7
34. Ng5 Kf6 35. h4 Kf5 36. cxb5 Nb6 37. g4+ fxg3+ 38. Kxg3 Nd5 39. Ra4 Rxb5 40.
Nxf7 Rxb3 41. Rxa5 Rb1 42. Nd6+ Kg6 43. Ra8 Rg1+ 44. Kf2 Rh1 45. Rg8+ Kh5 46.
Ne4 Kh6 47. Rg4 Ra1 48. Ng5 Ra2+ 49. Kg3 Ne3 50. Nf7+ Kh7 51. Re4 Nf5+ 52. Kh3
Ra1 53. Rxe6 Kg7 54. Ng5 Rh1+ 55. Kg4 Nxh4 56. Re7+ Kg6 57. f4 Rh2 58. Re1 Rf2
59. Re6+ Kg7 60. Nh3 1-0

[Event "Tradewise Gibraltar Chess Festival 2014 "]
[Site "The Caleta Hotel - Gibraltar"]
[Date "2014.01.31"]
[Round "4.39"]
[White "Popilski, Gil"]
[Black "Fuchs, Judith"]
[Result "1-0"]
[WhiteElo "2492"]
[BlackElo "2315"]
[PlyCount "97"]
[EventDate "2014.01.28"]

1. Nf3 Nf6 2. c4 g6 3. Nc3 Bg7 4. g3 O-O 5. Bg2 d6 6. d4 Nc6 7. O-O a6 8. h3
Bd7 9. e4 e5 10. Be3 Rb8 11. Rc1 exd4 12. Nxd4 Nxd4 13. Bxd4 c5 14. Be3 Be6 15.
e5 Nd7 16. exd6 Bxc4 17. Re1 b6 18. b3 Be6 19. Nd5 Bxd5 20. Qxd5 Nf6 21. Qd3
Qd7 22. Qxa6 Rfe8 23. Qa4 Qxa4 24. bxa4 Rbd8 25. a5 bxa5 26. Bxc5 Rxe1+ 27.
Rxe1 Bf8 28. Rd1 Ne8 29. Bb6 Rxd6 30. Rxd6 Nxd6 31. Bxa5 Nc4 32. Bc3 Na3 33.
Bd5 Bc5 34. Kf1 Kf8 35. Ke2 Kg8 36. f4 h5 37. Kd3 Bf2 38. Bb4 Nb5 39. Bc4 Na7
40. g4 hxg4 41. hxg4 Bg3 42. Ke4 Nc6 43. Bc5 Kg7 44. a4 Be1 45. Kd5 Nd8 46.
Bd4+ Kf8 47. Kd6 Bg3 48. Kd7 Nb7 49. Bd5 1-0

[Event "Tradewise Gibraltar Chess Festival 2014 "]
[Site "The Caleta Hotel - Gibraltar"]
[Date "2014.01.31"]
[Round "4.40"]
[White "Buchal, Stephan"]
[Black "Al-Sayed, Mohammed"]
[Result "0-1"]
[WhiteElo "2324"]
[BlackElo "2476"]
[PlyCount "78"]
[EventDate "2014.01.28"]

1. e4 c5 2. Nf3 d6 3. Bb5+ Bd7 4. Bxd7+ Qxd7 5. O-O Nf6 6. Qe2 Nc6 7. Rd1 g5 8.
c3 g4 9. Ne1 Bh6 10. Na3 Qe6 11. Qb5 O-O 12. d3 Bxc1 13. Raxc1 Rab8 14. Qc4 b5
15. Qxe6 fxe6 16. Nac2 c4 17. Ne3 Ne5 18. Rc2 h5 19. d4 Ng6 20. f3 gxf3 21.
gxf3 h4 22. b3 d5 23. exd5 exd5 24. Rg2 Kh7 25. Ng4 Nf4 26. Nxf6+ Rxf6 27. Rg4
Rg8 28. Rxg8 Kxg8 29. Kf1 Kf7 30. Rb1 Re6 31. bxc4 bxc4 32. Rb7 Re2 33. Rxa7
Rxh2 34. Ra6 Rd2 35. Rh6 Nh3 36. Ng2 Rf2+ 37. Ke1 Rxg2 38. Rxh4 Ng5 39. Rf4+
Ke6 0-1

[Event "Tradewise Gibraltar Chess Festival 2014 "]
[Site "The Caleta Hotel - Gibraltar"]
[Date "2014.01.31"]
[Round "4.41"]
[White "Galego, Luis"]
[Black "Sos Andreu, Eric"]
[Result "1-0"]
[WhiteElo "2465"]
[BlackElo "2285"]
[PlyCount "81"]
[EventDate "2014.01.28"]

1. e4 c6 2. d4 d5 3. Nc3 dxe4 4. Nxe4 Bf5 5. Ng3 Bg6 6. Nf3 Nd7 7. Bc4 e6 8.
Qe2 Ngf6 9. O-O Be7 10. Re1 O-O 11. c3 Re8 12. Nh4 Bd6 13. Nxg6 hxg6 14. Bg5
Qc7 15. Rad1 Bf4 16. Bxf4 Qxf4 17. Qc2 Rac8 18. Ne4 Nxe4 19. Rxe4 Qc7 20. Qe2
Nf6 21. Re5 Nd7 22. Re3 a6 23. Bb3 Nf6 24. Qf3 Rcd8 25. Rde1 Rd6 26. Qf4 Red8
27. Qh4 Qa5 28. Re5 Qc7 29. R1e3 c5 30. Rh3 Kf8 31. Qh8+ Ke7 32. Qxg7 Ne8 33.
Qh7 R8d7 34. Qh4+ Kf8 35. d5 b5 36. Rhe3 c4 37. dxe6 Rxe6 38. Rxe6 fxe6 39. Bc2
Qd8 40. Qh8+ Kf7 41. Qh7+ 1-0

[Event "Tradewise Gibraltar Chess Festival 2014 "]
[Site "The Caleta Hotel - Gibraltar"]
[Date "2014.01.31"]
[Round "4.42"]
[White "Salomon, Johan"]
[Black "Guo, Qi"]
[Result "0-1"]
[WhiteElo "2308"]
[BlackElo "2450"]
[PlyCount "117"]
[EventDate "2014.01.28"]

1. c4 e6 2. g3 d5 3. Bg2 Nf6 4. Nf3 dxc4 5. Qa4+ c6 6. Qxc4 b5 7. Qb3 Bb7 8.
O-O Nbd7 9. d4 a6 10. a4 c5 11. axb5 Bd5 12. Qc2 Be4 13. Qb3 Bd5 14. Qc2 axb5
15. Rxa8 Qxa8 16. Nc3 Bc6 17. b3 Be7 18. dxc5 Bxc5 19. Ne1 Bxg2 20. Nxg2 Qc6
21. Qd3 O-O 22. Bb2 Rb8 23. Nf4 h6 24. Qd2 Ne5 25. Nd1 Ne4 26. Qc1 Bd4 27. Nd3
Qxc1 28. Nxc1 Bxb2 29. Nxb2 Rc8 30. Ncd3 Nxd3 31. Nxd3 Rc2 32. Kg2 Nd6 33. Re1
Nf5 34. b4 Nd4 35. Kf1 Rd2 36. f4 Nxe2 37. Rxe2 Rxd3 38. Re5 Rd5 39. Rxd5 exd5
40. Ke2 Kf8 41. Kd3 Ke7 42. Kd4 Kd6 43. g4 g6 44. h4 h5 45. g5 Ke6 46. Kc5 Kf5
47. Kxd5 Kg4 48. Kc5 Kxh4 49. Kxb5 Kg4 50. Kc4 h4 51. b5 h3 52. b6 h2 53. b7
h1=Q 54. b8=Q Qe4+ 55. Kc3 Qe3+ 56. Kc2 Qxf4 57. Qg8 Kxg5 58. Qd8+ f6 59. Kd1 {
Unable to reconstruct remaining moves} 0-1

[Event "Tradewise Gibraltar Chess Festival 2014 "]
[Site "The Caleta Hotel - Gibraltar"]
[Date "2014.01.31"]
[Round "4.43"]
[White "Zhukova, Natalia"]
[Black "Gukhvat, Peter"]
[Result "1/2-1/2"]
[WhiteElo "2449"]
[BlackElo "2268"]
[PlyCount "56"]
[EventDate "2014.01.28"]

1. Nf3 Nf6 2. d4 d6 3. c4 Nbd7 4. Nc3 e5 5. e4 Be7 6. Be2 O-O 7. O-O c6 8. Rb1
Re8 9. Re1 Qc7 10. b4 a6 11. a3 Nf8 12. h3 Ng6 13. Bf1 h6 14. Be3 b5 15. Rc1
Qb7 16. Nd2 Be6 17. Nb3 bxc4 18. Na5 Qd7 19. d5 cxd5 20. exd5 Bf5 21. Nxc4 Bd8
22. Na4 Rb8 23. Nab6 Bxb6 24. Nxb6 Qd8 25. Na4 Ra8 26. Nb6 Rb8 27. Na4 Ra8 28.
Nb6 Rb8 1/2-1/2

[Event "Tradewise Gibraltar Chess Festival 2014 "]
[Site "The Caleta Hotel - Gibraltar"]
[Date "2014.01.31"]
[Round "4.44"]
[White "Kobo, Ori"]
[Black "Akesson, Ralf"]
[Result "0-1"]
[WhiteElo "2298"]
[BlackElo "2447"]
[PlyCount "72"]
[EventDate "2014.01.28"]

1. d4 Nf6 2. c4 e6 3. g3 Bb4+ 4. Bd2 Be7 5. Bg2 d5 6. Nf3 O-O 7. O-O c6 8. Qc2
Nbd7 9. Rd1 b6 10. Bf4 Bb7 11. Ne5 Rc8 12. Nc3 b5 13. b3 Nxe5 14. dxe5 Nd7 15.
e4 dxc4 16. bxc4 Qc7 17. cxb5 cxb5 18. Qd3 Nc5 19. Qe3 Qa5 20. Rac1 b4 21. Nd5
exd5 22. exd5 Bd8 23. Bh3 Bb6 24. Bxc8 Bxc8 25. Qe2 Re8 26. Qh5 g6 27. Qf3 Bf5
28. Be3 Rxe5 29. Bd4 Re4 30. d6 Nd7 31. Bxb6 Qxb6 32. Rc8+ Kg7 33. Rc7 Ne5 34.
Qb3 Re2 35. Rf1 Qxd6 36. Rxa7 Be4 0-1

[Event "Tradewise Gibraltar Chess Festival 2014 "]
[Site "The Caleta Hotel - Gibraltar"]
[Date "2014.01.31"]
[Round "4.45"]
[White "Munguntuul, Batkhuyag"]
[Black "Lederman, Leon"]
[Result "1-0"]
[WhiteElo "2438"]
[BlackElo "2257"]
[PlyCount "83"]
[EventDate "2014.01.28"]

1. e4 c5 2. Nf3 d6 3. d4 cxd4 4. Nxd4 Nf6 5. Nc3 a6 6. Be3 e5 7. Nde2 Ng4 8.
Nd5 Nxe3 9. Nxe3 Be6 10. Nc3 Nd7 11. Bc4 Nf6 12. Qd3 Rc8 13. O-O Be7 14. Ncd5
O-O 15. Rfd1 Nxd5 16. Bxd5 Qb6 17. a4 Bg5 18. a5 Qxb2 19. Rab1 Qc3 20. Bxb7
Qxd3 21. Rxd3 Rc5 22. Rxd6 Rxa5 23. Rxa6 Rc5 24. Rc6 Bxe3 25. fxe3 Rxc6 26.
Bxc6 Rc8 27. Rb6 Kf8 28. Kf2 Rd8 29. Ke1 Rd6 30. Rb8+ Ke7 31. Rb7+ Kf8 32. Bb5
Bg4 33. Bd3 g6 34. h3 Be6 35. Bb5 f5 36. Rxh7 fxe4 37. Rc7 g5 38. Rc5 Bd5 39.
c4 Bb7 40. Rxe5 Rd3 41. Re8+ Kf7 42. Rb8 1-0

[Event "Tradewise Gibraltar Chess Festival 2014 "]
[Site "The Caleta Hotel - Gibraltar"]
[Date "2014.01.31"]
[Round "4.46"]
[White "Deac, Bogdan-Daniel"]
[Black "Kohlweyer, Bernd"]
[Result "1/2-1/2"]
[WhiteElo "2289"]
[BlackElo "2437"]
[PlyCount "90"]
[EventDate "2014.01.28"]

1. d4 Nf6 2. c4 e6 3. Nc3 Bb4 4. e3 O-O 5. Nge2 Re8 6. a3 Bf8 7. e4 d5 8. e5
Nfd7 9. c5 b6 10. b4 a5 11. Be3 f6 12. f4 fxe5 13. fxe5 axb4 14. axb4 Rxa1 15.
Qxa1 Nc6 16. Qa4 Ncxe5 17. dxe5 bxc5 18. bxc5 Nxc5 19. Bxc5 Bxc5 20. g3 Rf8 21.
Bh3 Bf2+ 22. Kd1 Qg5 23. Rf1 Qxe5 24. Kc2 Qd6 25. Nf4 Be3 26. Nd3 Rxf1 27. Bxf1
Bd7 28. Qa8+ Qf8 29. Qxf8+ Kxf8 30. Ne5 Ke7 31. Bd3 h6 32. Nxd7 Kxd7 33. g4 Bd4
34. Ne2 Be5 35. h4 Bf6 36. h5 Be5 37. Bh7 c6 38. Nc1 Kd6 39. Nb3 c5 40. Bg8 c4
41. Na5 Bd4 42. Nb7+ Kd7 43. Nd8 Kxd8 44. Bxe6 c3 45. Bxd5 Ke7 1/2-1/2

[Event "Tradewise Gibraltar Chess Festival 2014 "]
[Site "The Caleta Hotel - Gibraltar"]
[Date "2014.01.31"]
[Round "4.47"]
[White "Haugli, Petter"]
[Black "Javakhishvili, Lela"]
[Result "1/2-1/2"]
[WhiteElo "2278"]
[BlackElo "2430"]
[PlyCount "93"]
[EventDate "2014.01.28"]

1. d4 Nf6 2. c4 e6 3. Nc3 Bb4 4. e3 c5 5. Bd3 Nc6 6. Nf3 Bxc3+ 7. bxc3 d6 8.
O-O e5 9. Nd2 O-O 10. Ne4 b6 11. Rb1 Ba6 12. Nxf6+ Qxf6 13. Be4 Bb7 14. Bd5 Na5
15. e4 Qg6 16. Qd3 Rae8 17. f3 Bxd5 18. cxd5 f5 19. dxc5 fxe4 20. fxe4 Rxf1+
21. Kxf1 dxc5 22. Bd2 Nb7 23. Kg1 Nd6 24. Re1 Rf8 25. h3 Qf7 26. Qe2 Qd7 27.
Qh5 Nc4 28. Bg5 b5 29. Qe2 Nd6 30. Qd3 a5 31. Bh4 c4 32. Qc2 Qc7 33. Bg3 Re8
34. Kh2 b4 35. cxb4 axb4 36. Qe2 c3 37. Qh5 Nf7 38. Qe2 Rc8 39. Qb5 Qc5 40. Qd7
c2 41. Rc1 h5 42. Qe6 Qc3 43. d6 Qc4 44. Qe7 Rf8 45. Qc7 Rc8 46. Qe7 Rf8 47.
Qc7 1/2-1/2

[Event "Tradewise Gibraltar Chess Festival 2014 "]
[Site "The Caleta Hotel - Gibraltar"]
[Date "2014.01.31"]
[Round "4.48"]
[White "Hommerson, Paul"]
[Black "Mikkelsen, Nikolaj"]
[Result "0-1"]
[WhiteElo "2255"]
[BlackElo "2423"]
[PlyCount "50"]
[EventDate "2014.01.28"]

1. e4 c5 2. Nf3 d6 3. d4 cxd4 4. Nxd4 Nf6 5. Nc3 a6 6. Be3 e5 7. Nb3 Be7 8. f3
Be6 9. Qd2 O-O 10. O-O-O a5 11. Bb5 Na6 12. Qe2 Qb8 13. g4 Rc8 14. Kb1 Ne8 15.
Na4 Nec7 16. Nb6 Nxb5 17. Qxb5 Nb4 18. a3 Nxc2 19. Bf2 Rc3 20. Rd3 Rc6 21. Nxa5
Rxa5 22. Qxa5 Bd8 23. Qb5 Bxb6 24. Rc3 Rxc3 25. Bxb6 Nxa3+ 0-1

[Event "Tradewise Gibraltar Chess Festival 2014 "]
[Site "The Caleta Hotel - Gibraltar"]
[Date "2014.01.31"]
[Round "4.49"]
[White "Roeder, Matthias"]
[Black "Hagesather, Arne"]
[Result "1/2-1/2"]
[WhiteElo "2423"]
[BlackElo "2126"]
[PlyCount "103"]
[EventDate "2014.01.28"]

1. Nf3 d5 2. c4 c6 3. e3 Nf6 4. Nc3 e6 5. b3 Bd6 6. Bb2 O-O 7. d4 Nbd7 8. Be2
a6 9. Qc2 Re8 10. O-O b5 11. h3 Ra7 12. Rad1 Bb8 13. Bd3 Nf8 14. Ne5 Bb7 15. c5
N6d7 16. Ne2 f6 17. Nxd7 Qxd7 18. f4 Bc8 19. Kh1 g6 20. e4 Qg7 21. e5 f5 22.
Bc3 Bc7 23. a4 Bd8 24. axb5 axb5 25. Ra1 Ree7 26. Qb2 Rxa1 27. Rxa1 Ra7 28.
Rxa7 Qxa7 29. Qa1 Qxa1+ 30. Bxa1 Kf7 31. Bc3 Bd7 32. g4 Be8 33. Kg2 Bd7 34. Be1
Be8 35. Ng1 Nd7 36. Nf3 h6 37. Kf1 Nb8 38. Ke2 Na6 39. Kf1 Bd7 40. Bh4 Ba5 41.
Bf6 Nb4 42. Bb1 Na6 43. gxf5 gxf5 44. Bh4 Be8 45. Be1 Bd8 46. Bh4 Ba5 47. Ke2
Kg8 48. Be1 Bd8 49. Ke3 Bh5 50. Bd3 Bxf3 51. Kxf3 Kg7 52. Be2 1/2-1/2

[Event "Tradewise Gibraltar Chess Festival 2014 "]
[Site "The Caleta Hotel - Gibraltar"]
[Date "2014.01.31"]
[Round "4.50"]
[White "Gaehwiler, Gabriel"]
[Black "Sandipan, Chanda"]
[Result "0-1"]
[WhiteElo "2332"]
[BlackElo "2609"]
[PlyCount "80"]
[EventDate "2014.01.28"]

1. e4 c5 2. Nf3 d6 3. d4 cxd4 4. Nxd4 Nf6 5. Nc3 a6 6. Be3 e6 7. f3 h5 8. Qd2
Nbd7 9. Bc4 Ne5 10. Bb3 Qc7 11. O-O-O Bd7 12. f4 Nc4 13. Bxc4 Qxc4 14. e5 Nd5
15. Nxd5 Qxd5 16. Kb1 dxe5 17. fxe5 f5 18. exf6 gxf6 19. Qf2 Rg8 20. Qxf6 Be7
21. Qf3 Rxg2 22. Qf1 Rg4 23. Nb3 Qe4 24. Bc5 Rc8 25. Rd4 Qc6 26. Rxg4 hxg4 27.
Bxe7 Qxc2+ 28. Ka1 Kxe7 29. Qf4 Qf5 30. Qb4+ Ke8 31. Rd1 Bc6 32. Nd4 Rd8 33.
Re1 Qd5 34. a3 a5 35. Qb3 Qxb3 36. Nxb3 Bd5 37. Nc5 Ke7 38. b4 Rh8 39. Re2 Rh3
40. Kb2 b6 0-1

[Event "Tradewise Gibraltar Chess Festival 2014 "]
[Site "The Caleta Hotel - Gibraltar"]
[Date "2014.01.31"]
[Round "4.51"]
[White "Aharon, Ofir"]
[Black "Zhao, Xue"]
[Result "1/2-1/2"]
[WhiteElo "2304"]
[BlackElo "2567"]
[PlyCount "90"]
[EventDate "2014.01.28"]

1. e4 c6 2. d4 d5 3. Nc3 dxe4 4. Nxe4 Nd7 5. Nf3 Ngf6 6. Nxf6+ Nxf6 7. c3 g6 8.
Bc4 Bg7 9. O-O O-O 10. h3 Nd5 11. Re1 Be6 12. Bb3 Qc7 13. Bg5 h6 14. Bh4 Rad8
15. Ne5 Bf5 16. Qf3 Bf6 17. Bxf6 exf6 18. Ng4 Bxg4 19. Qxg4 Kg7 20. Re2 Rfe8
21. Rae1 Rxe2 22. Qxe2 Qd6 23. Qe4 Nb6 24. Qe7 Qxe7 25. Rxe7 Rd7 26. Re8 f5 27.
Kf1 Kf6 28. Ke2 Re7+ 29. Rxe7 Kxe7 30. Kd3 Nd7 31. Bd1 Kd6 32. b4 b6 33. Bb3 f6
34. f4 g5 35. g3 b5 36. a4 gxf4 37. gxf4 Nb6 38. axb5 cxb5 39. c4 bxc4+ 40.
Bxc4 Kc6 41. h4 Kd6 42. b5 Nc8 43. Kc3 Kc7 44. Kb4 Kb6 45. Be6 Nd6 1/2-1/2